Visualizzazione normale
Vista MARC
- Concili ecumenici, altri concili e sinodi fino al sec. X
di Genre/Form Term
Records bibliografici associati: 1
001 - CONTROL NUMBER
- control field: 58881
003 - CONTROL NUMBER IDENTIFIER
- control field:
005 - DATE AND TIME OF LATEST TRANSACTION
- control field: 20210416171541.0
008 - FIXED-LENGTH DATA ELEMENTS
- fixed length control field: 210416|| aca||aabn | a|a d
040 ## - CATALOGING SOURCE
- Original cataloging agency:
- Transcribing agency:
155 ## - HEADING--GENRE/FORM TERM
- Genre/form term: Concili ecumenici, altri concili e sinodi fino al sec. X
- General subdivision: Saggi, varia
670 ## - SOURCE DATA FOUND
- Source citation: Work cat.: ()0: Schatz, Klaus, s.j., 1938- 58880, Storia dei Concili :, 1999.